00863nam a22002177a 4500999001900000005001700019010001500036020002600051035001400077037001400091082001200105245013600117260004500253270006700298300003100365500005800396700002100454700001900475942002600494952012500520 c162734d16273420190320114550.0 aENG-124902 a9780199474622c895.00 aEN-108434 bDBAD/PUB. a338.954 aSustainable development and india:ced. by Bimal N. Patel [and] Ranita Nagarbconvergence of law, economics, science, and politics/ aNew DelhibOxford University Pressc2018 a2/11 Ground Floor, Ansari Road, Daryaganj, bNew Delhie110002v axxv,333p.c22cm.(Hb)bill. aIt includes bibliography, index and about the author. a Patel, Bimal N. a Nagar, Ranita 2ddccENmSUSh338.954 001040718NFICaDBADbBL1d2019-03-20eDBAD/PUBg895.00l0o338.954 SUSpEN-108434r2019-03-20 00:00:00t1v895.00yEN